000
00316nam a2200121Ia 4500
008
190216s9999||||xx |||||||||||||| ||und||
100
_a
Marar T R K
245
0
_a
Heard Melodies An Anthology Of English Poetry
260
_b
Mac Millian And Com. Ltd
_c
1969
300
_a
212p
650
_a
English Poetry
942
_c
BK
999
_c
12941
_d
12941